| 000 | 00752nam a2200289Ia 4500 | ||
|---|---|---|---|
| 001 | 2941 | ||
| 005 | 20240113233603.0 | ||
| 007 | ta | ||
| 008 | 050319s2000 a g b000 u Eng u | ||
| 020 | _a0-19-285387-2 | ||
| 040 | _aSKBL,Cotton College | ||
| 041 | _aEng | ||
| 082 |
_a294.5 _bKn 75 Hi |
||
| 100 | _aKnott, Kim . | ||
| 245 | 0 |
_aHinduism : A Very Short Introduction / _cKim Knott. _hTextual Documents |
|
| 250 | _a1st ed. / | ||
| 260 |
_aOxford : _bOxford Universsity Press , _c2000. |
||
| 300 |
_a142p : _bill. ; _c18 cm . |
||
| 504 | _aIndex | ||
| 653 | _aHindu Philosophy | ||
| 653 | _aReligion-Hinduism | ||
| 653 | _aG-Religion | ||
| 942 |
_2ddc _cBK |
||
| 999 |
_c2929 _d2929 |
||